000 00699nam a2200181 a 4500
008 120716s1980 ||||||||||||||||| || u
020 _a0226066037
050 _aGC 1000 Oce
100 _aBorgese, Elisabeth Mann
245 1 0 _aOcean yearbook 2
_cedited by Elisabeth Mann Borgese and Norton Ginsburg
260 _aChicago
_bUniversity of Chicago
_c1980
300 _aix, 713p.: ill.
650 _aMARINE RESOURCES--PERIODICALS
650 _aOCEANOGRAPHY--PERIODICALS
650 _aOCEAN ENGINEERING--PERIODICALS
700 _aGinsburg, Norton
995 _aSPECIAL COLLECTIONS
_e500060
_FCBU-DAG HAMMARSKJOLD INSTITUTE LIBRARY
_jDAG GC 1000 Oce
_M1
_UAVAILABLE
_WAug 29, 2012
_y500060
_ZDHIPS Book Collection
999 _c387
_d387